000 00451cam a2200181ua 4500
020 _c180.00
041 _aeng
_h
082 _a005.369
_bWEI/MA
100 _aWeisskope, Gene .
245 _aMastering Quattro pro 4 for DOS /
_cGene Weisskope.
_hTextual Documents
250 _a4 /
_b.
260 _aNew Delhi :
_bB P B Publishers ,
_c1992.
300 _a759 ; .
365 _a180.00
504 _a
942 _cBK
999 _c9735
_d9735